Statistics for Capital to Country - Multiple Choice #1

Click here to take the quiz!

General Stats

  • This quiz has been taken 133 times
  • The average score is 14 of 15

Answer Stats

QuestionAnswer% Correct
Cairo is capital of...Egypt
99%
Berlin is capital of...Germany
99%
Tokyo is capital of...Japan
99%
Wellington is capital of...New Zealand
99%
Lisbon is capital of...Portugal
99%
Moscow is capital of...Russia
99%
Kabul is capital of...Afghanistan
98%
Santiago is capital of...Chile
98%
Helsinki is capital of...Finland
98%
Jerusalem is capital of...Israel
97%
Accra is capital of...Ghana
90%
Port au Prince is capital of...Haiti
90%
Asuncion is capital of...Paraguay
90%
Doha is capital of...Qatar
88%
Juba is capital of...South Sudan
78%

Score Distribution

Percentile by Number Answered

Percent of People with Each Score

Your Score History

You have not taken this quiz